LIBRARY & INFORMATION CENTRE, KCAET, TAVANUR

ONLINE PUBLIC ACCESS CATALOGUE (OPAC)

Agronomy Principles & Practices (Record no. 15553)

MARC details
000 -LEADER
fixed length control field 00403nam a22001577a 4500
003 - CONTROL NUMBER IDENTIFIER
control field OSt
008 - FIXED-LENGTH DATA ELEMENTS--GENERAL INFORMATION
fixed length control field 190515b ||||| |||| 00| 0 eng d
020 ## - INTERNATIONAL STANDARD BOOK NUMBER
ISBN 9789385516740
082 ## - DEWEY DECIMAL CLASSIFICATION NUMBER
Classification number 630
Item number SOM/AG
100 ## - MAIN ENTRY--AUTHOR NAME
Personal name Somasundaram, E
245 ## - TITLE STATEMENT
Title Agronomy Principles & Practices
260 ## - PUBLICATION, DISTRIBUTION, ETC. (IMPRINT)
Place of publication New Delhi
Name of publisher Nwe India Agency
Year of publication 2017
300 ## - PHYSICAL DESCRIPTION
Number of Pages 273 p.
700 ## - ADDED ENTRY--PERSONAL NAME
Personal name Amanullah, Mohamed M
942 ## - ADDED ENTRY ELEMENTS (KOHA)
Koha item type Books
Holdings
Withdrawn status Lost status Damaged status Collection code Home library Current library Shelving location Date acquired Cost, normal purchase price Full call number Accession Number Koha item type
      Non-fiction KAUAET KAUAET General Stacks 15/05/2019 1495.00 630 SOM/AG 25750 Books
free website counter